Bandas de Rock en Español #7 - Estadísticas

Estadísticas generales
  • Esta prueba ha sido intentada 9 veces
  • La puntuación promedio es 5 de 24
Estadísticas de respuestas
País Canciones Banda % Correcto
España "Como un burro amarrado en la puerta del baile", "Lápiz y tinta", "Insurrección" El Último de la Fila
63%
Argentina "Coolo", "Abarajame", "Jennifer Del Estero" Illya Kuryaki & The Valderramas
38%
España "Abre la puerta", "Sr. Troncoso", "Tu Frialdad" Triana
38%
México "El No Lo Mato", "Muñequita Sintética", "En el Corazón No Hay Nada" El Haragán y Compañía
25%
Argentina "Avanti Morocha", "Sapo de Otro Pozo", "Fulanos de Nadie" Los Caballeros De La Quema
25%
España "Un Buen Dia", "Que Puedo Hacer", "Pesadilla En El Parque De Atracciones" Los Planetas
25%
Chile "Papi ¿Dónde Está El Funk?", "Corazón De Sandía", "La Medicina" Los Tetas
25%
Argentina "Cleopatra, La Reina Del Twist", "Pensé Que Se Trataba De Cieguitos", "El Estudiante" Los Twist
25%
México "Pobre de Ti", "Transgresores de la Ley", "La Esquina del Mundo" Tijuana No!
25%
Argentina "Mañana Campestre", "Sudamérica o el Regreso a la Aurora", "Quiero Llegar" Arco Iris
13%
México "No Pinches Mames", "Guacarock Del Santo", "Alarmala De Tos" Botellita de Jerez
13%
Argentina "No Me Importa Morir", "Auto Destrucción", "Locomotora" El Otro Yo
13%
México "Imagina", "Ya Nada Es Igual", "Guardaespaldas" Genitallica
13%
Chile "La innombrable", "José José", "Huke" Julius Popper
13%
México ¿A Dónde Van Los Muertos?", "Soun Tha Mi Primer Amor", "Hasta Quemarnos" Kinky
13%
México "Cenit", "Noches de tu piel", "La Transfusión" La Castañeda
13%
México "Contrabando y Traición", "Paquita Disco", "Ja, Ja, Ja" La Lupita
13%
Argentina "El Sistema", "Donde Están Las Manos?", "Los Métodos Piqueteros" Las manos de Filippi
13%
Venezuela "Flamingo", "La Vida Mejor", "Radio Capital" La Vida Bohème
13%
México "Juegos de amor", "No Hay Nada Eterno", "Sólo Sentir" Neón
13%
Uruguay "Bisturí!", "Nos dijimos todo", "Maldición" Once Tiros
13%
Uruguay "Más Allá o Más Acá", "Noche de Rock", "1 Beso Y Una Flor" Trotsky Vengarán
13%
México "Monitor", "Cada Vez Que Respiro", "Ella Es Azul" Volován
13%
Bolivia "Realidad", "Collita", "El Inca" Wara
13%
No se encontraron pruebas coincidentes
Distribución de puntuación
Porcentaje de gente con cada puntuación
Porcentaje por número respondido
Historial de tus puntuaciones
No has intentado esta prueba.